LEADER 00695nam a2200193 i 4500 001 000000178367 003 CaOOAMICUS 005 20090319000000.0 008 090319s1961 it u000 u ger u 013 $a155939 040 $aSeMil$bita 245 14$aDie Zeit der Kirchenväter. 250 $a3. Auflage. 300 $aIV, 204 p. 700 1 $aLietzmann, Hans,$d<1875-1942>.$0(OLS)http://semarc/name/195 773 0 $aLietzmann, Hans <1875-1942>$tGeschichte der alten Kirche.$dBerlin : De Gruyter, 1961.$g4$w()20909 850 $aSeMil 852 $aSeMil$W1$xVenegono$y1$m3A II 90$j129144$B129144$CSeMilBibl$Z2$F140331 $81 996 $6245$aDie Zeit der Kirchenväter$9(OLS)http://semarc/title/256175 LEADER 00784nas a2200217 i 4500 001 000000338762 003 CaOOAMICUS 005 20200109143208.0 008 200109e2019 ne qr u0 0eng r 013 $a236583 040 $aSeMil$bita 245 10$a[2019 : 4-5]. 260 $aLeiden ; Boston :$bBrill,$ccopyr. 2019. 300 $aP. [436]-634 ;$c24 cm. 500 $aArticoli con sintesi in inglese [Abstract] in testa. 773 0 $tJournal for the Study of Judaism.$dLeiden : Brill $x0047-2212$w()2390 850 $aSeMil 852 $aSeMil$W1$xVenegono$y1$m239 1 101$j217719$B229894$CSeMilBibl$Z2$F229894 $85 996 $6245$a[2019 : 4-5]$9(OLS)http://semarc/title/427575 996 $6260$aLeiden ; Boston :$bBrill$9(OLS)http://semarc/publisher/39473